The first preparetion and processing of latex at krek rubber plantation comany ការរៀបចំទឹកជ័រដំបូងនិងការកែច្នៃនៅក្រុមហ៊ុនចំការកៅស៊ូក្រែក (Record no. 322)

000 -LEADER
fixed length control field 00604nam a22001577a 4500
003 - CONTROL NUMBER IDENTIFIER
control field OSt
005 - DATE AND TIME OF LATEST TRANSACTION
control field 20150912152842.0
008 - FIXED-LENGTH DATA ELEMENTS--GENERAL INFORMATION
fixed length control field 150912b xxu||||| |||| 00| 0 eng d
040 ## - CATALOGING SOURCE
Transcribing agency RUA
082 ## - DEWEY DECIMAL CLASSIFICATION NUMBER
Classification number AGR TAT 1997 B018 Or.1
100 ## - MAIN ENTRY--PERSONAL NAME
9 (RLIN) 343
Personal name TATH, SOK
245 ## - TITLE STATEMENT
Title The first preparetion and processing of latex at krek rubber plantation comany ការរៀបចំទឹកជ័រដំបូងនិងការកែច្នៃនៅក្រុមហ៊ុនចំការកៅស៊ូក្រែក
260 ## - PUBLICATION, DISTRIBUTION, ETC. (IMPRINT)
Place of publication, distribution, etc. Phnom Penh
Name of publisher, distributor, etc. RUA
Date of publication, distribution, etc. 1997
300 ## - PHYSICAL DESCRIPTION
Extent 73p.
Other physical details ill.
Dimensions 29cm.
942 ## - ADDED ENTRY ELEMENTS (KOHA)
Source of classification or shelving scheme
Koha item type AGR
Holdings
Price effective from Date last seen Permanent Location Not for loan Date acquired Source of classification or shelving scheme Koha item type Lost status Withdrawn status Date last checked out Total Checkouts Shelving location Damaged status Barcode Current Location Full call number
2015-09-122015-09-12Library Block B 2015-09-12 AGR    B018 RUA003582Library Block BAGR TAT 1997 B018 Or.1
2015-09-122015-09-12Library Block B 2015-09-12 AGR    B018 RUA003654Library Block BAGR TAT 1997 B018 Or.2
2015-09-122016-04-27Library Block B 2015-09-12 AGR  2016-04-271B018 RUA003798Library Block BAGR TAT 1997 B018 Or.3
2015-09-122015-09-12Library Block B 2015-09-12 AGR    B018 RUA003581Library Block BAGR TAT 1997 B018 Or.4
2015-09-122015-09-12Library Block B 2015-09-12 AGR    B018 RUA007238Library Block BAGR TAT 1997 B018 Or.5
2015-10-062015-10-06Library Block B 2015-10-06 AGR    B018 RUA015156Library Block BAGR TAT 1997 B018 Or.6
2015-10-062015-10-06Library Block B 2015-10-06 AGR    B018 RUA015263Library Block BAGR TAT 1997 B018 Or.7
មជ្ឈមណ្ឌលឯការនៃសាកលវិទ្យាល័យភូមិន្ទកសិកម្មចំការដូង

Powered by Koha